000 00382nam a2200133Ia 4500
008 100328s9999 xx 000 0 und d
082 _b73588
100 _aपांढरीपांडे विजय.
245 _aऋतुरागिणी.
260 _bअनघा.
630 _aऋतुरागिणी.
730 _aऋतुरागिणी.
942 _cBOOK
999 _c559309
_d559306